| 000 | 00327nam a2200121Ia 4500 | ||
|---|---|---|---|
| 008 | 230907s9999||||xx |||||||||||||| ||und|| | ||
| 082 |
_a629.1323 _bAND |
||
| 100 | _aAnderson, John. D. | ||
| 245 | 0 | _aFundamentals of aerodynamics / | |
| 260 |
_aMcGraw-Hill Education, _bNew York : _c2017 |
||
| 300 | _axix, 1130 p. | ||
| 942 | _cBK | ||
| 999 |
_c600981 _d600981 |
||